000 00512nam a2200169 i 4500
001 46301
003 ES-MaACL
005 20230906161347.0
007 t|
008 030328s1967 sp ||||1| spa d
100 1 _aComellas, José Luis.
_939983
245 1 0 _aHistoria de España Moderna y Contemporánea (1474-1965) /
_cJosé Luis Comellas.
260 _aMadrid, etc. :
_bRialp,
_c[1967]
300 _a672 p. :
_bil. ;
_c24 cm.
852 _aES-MaACL
_jG-8433
_bR.64177
852 _aES-MaACL
_jC-38073
_bR.79211
999 _c46301
_d46301